[Event "European Individual Chess Championship 2017"]
[Site "?"]
[Date "2017.05.31"]
[Round "2.33"]
[White "Plat, Vojtech"]
[Black "Solak, Dragan"]
[Result "1-0"]
[BlackElo "2641"]
[WhiteElo "2522"]
[LiveChessVersion "1.4.8"]

1. e4 {[%clk 1:30:56]} c6 {[%clk 1:29:39]} 2. d4 {[%clk 1:31:21]} d5
{[%clk 1:30:04]} 3. Nd2 {[%clk 1:30:55]} dxe4 {[%clk 1:30:15]} 4. Nxe4
{[%clk 1:31:20]} Bf5 {[%clk 1:30:40]} 5. Ng3 {[%clk 1:31:45]} Bg6
{[%clk 1:31:02]} 6. h4 {[%clk 1:31:42]} h6 {[%clk 1:31:28]} 7. Nf3
{[%clk 1:32:08]} Nd7 {[%clk 1:31:47]} 8. h5 {[%clk 1:32:30]} Bh7 {[%clk 1:32:13]}
9. Bd3 {[%clk 1:32:57]} Bxd3 {[%clk 1:32:37]} 10. Qxd3 {[%clk 1:33:24]} e6
{[%clk 1:33:00]} 11. Bd2 {[%clk 1:33:47]} Ngf6 {[%clk 1:32:06]} 12. O-O-O
{[%clk 1:34:10]} Be7 {[%clk 1:30:55]} 13. Kb1 {[%clk 1:30:15]} O-O
{[%clk 1:29:08]} 14. Ne4 {[%clk 1:26:37]} Nxe4 {[%clk 1:25:54]} 15. Qxe4
{[%clk 1:27:03]} Nf6 {[%clk 1:23:33]} 16. Qe2 {[%clk 1:27:27]} Qd5
{[%clk 1:23:35]} 17. Ne5 {[%clk 1:25:36]} Qe4 {[%clk 1:17:35]} 18. Qc4
{[%clk 1:16:30]} Rfd8 {[%clk 0:54:43]} 19. Bc1 {[%clk 1:10:57]} c5
{[%clk 0:44:34]} 20. Rhe1 {[%clk 1:05:36]} Qd5 {[%clk 0:44:16]} 21. Qe2
{[%clk 0:56:01]} cxd4 {[%clk 0:44:19]} 22. c4 {[%clk 0:56:27]} Qc5
{[%clk 0:40:06]} 23. Rd3 {[%clk 0:56:49]} Rd6 {[%clk 0:30:25]} 24. Bf4
{[%clk 0:48:00]} Rad8 {[%clk 0:28:40]} 25. Rg3 {[%clk 0:46:06]} Kf8
{[%clk 0:24:05]} 26. Qd3 {[%clk 0:36:43]} Nxh5 {[%clk 0:20:51]} 27. Qh7
{[%clk 0:36:57]} Bf6 {[%clk 0:19:34]} 28. Nd3 {[%clk 0:37:11]} Qa5
{[%clk 0:09:21]} 29. Bxd6+ {[%clk 0:36:25]} Rxd6 {[%clk 0:09:49]} 30. Rf3
{[%clk 0:36:25]} Qg5 {[%clk 0:08:44]} 31. Qh8+ {[%clk 0:33:47]} Ke7
{[%clk 0:09:13]} 32. Qb8 {[%clk 0:33:23]} Qxg2 {[%clk 0:06:23]} 33. Ne5
{[%clk 0:28:50]} Rd7 {[%clk 0:03:56]} 34. Qg8 {[%clk 0:27:03]} Kd6
{[%clk 0:01:19]} 35. Qf8+ {[%clk 0:15:16]} Kc7 {[%clk 0:01:42]} 36. Qc5+
{[%clk 0:11:22]} Kd8 {[%clk 0:02:11]} 37. Nxd7 {[%clk 0:10:40]} Qxf3
{[%clk 0:02:30]} 38. Nxf6 {[%clk 0:11:07]} Nxf6 {[%clk 0:01:39]} 39. Qxd4+
{[%clk 0:11:32]} Kc7 {[%clk 0:00:33]} 40. Qc5+ {[%clk 0:40:09]} Qc6
{[%clk 0:30:45]} 41. Qxa7 {[%clk 0:40:32]} Nd7 {[%clk 0:22:30]} 42. Qe3
{[%clk 0:40:46]} e5 {[%clk 0:22:38]} 43. f4 {[%clk 0:38:16]} Kd8 {[%clk 0:13:38]}
44. fxe5 {[%clk 0:36:14]} Qxc4 {[%clk 0:13:51]} 45. Rd1 {[%clk 0:34:16]} Ke8
{[%clk 0:13:16]} 46. Rc1 {[%clk 0:28:26]} Qd5 {[%clk 0:12:06]} 47. Qg3
{[%clk 0:27:51]} g5 {[%clk 0:09:09]} 48. Qh3 {[%clk 0:26:34]} Nxe5
{[%clk 0:08:02]} 49. Qxh6 {[%clk 0:24:15]} Qe4+ {[%clk 0:04:07]} 50. Ka1
{[%clk 0:24:31]} Qe3 {[%clk 0:03:04]} 51. Qh8+ {[%clk 0:23:37]} Ke7
{[%clk 0:02:43]} 52. Qh1 {[%clk 0:20:11]} b6 {[%clk 0:02:00]} 53. Re1
{[%clk 0:17:50]} Qd4 {[%clk 0:02:27]} 54. Rd1 {[%clk 0:16:57]} Qe3
{[%clk 0:02:55]} 55. Qh8 {[%clk 0:16:40]} Nd7 {[%clk 0:00:37]} 56. Qc8
{[%clk 0:16:44]} Qe6 {[%clk 0:00:53]} 57. Qc7 {[%clk 0:16:02]} g4
{[%clk 0:01:00]} 58. a3 {[%clk 0:15:59]} f6 {[%clk 0:00:48]} 59. Rh1
{[%clk 0:14:21]} Qe4 {[%clk 0:01:09]} 60. Rd1 {[%clk 0:14:21]} Qe6
{[%clk 0:01:37]} 61. Qb7 {[%clk 0:13:11]} Qf5 {[%clk 0:01:01]} 62. Qc6
{[%clk 0:12:39]} Qe6 {[%clk 0:00:36]} 63. Qc7 {[%clk 0:13:07]} Ke8
{[%clk 0:00:32]} 64. Qc8+ {[%clk 0:08:39]} Ke7 {[%clk 0:01:01]} 65. Qb7
{[%clk 0:06:33]} Qf5 {[%clk 0:01:27]} 66. Re1+ {[%clk 0:06:35]} Kd6
{[%clk 0:00:37]} 67. Qc8 {[%clk 0:06:57]} Qd5 {[%clk 0:00:34]} 68. Qc2
{[%clk 0:07:23]} Qf3 {[%clk 0:00:37]} 69. Rd1+ {[%clk 0:05:15]} Ke6
{[%clk 0:00:53]} 70. Qc4+ {[%clk 0:05:09]} Ke7 {[%clk 0:01:01]} 71. Rf1
{[%clk 0:04:58]} Qg2 {[%clk 0:01:01]} 72. Re1+ {[%clk 0:05:01]} Ne5
{[%clk 0:01:14]} 73. Qc7+ {[%clk 0:05:25]} Ke6 {[%clk 0:01:26]} 74. Qxb6+
{[%clk 0:05:39]} Kf5 {[%clk 0:01:51]} 75. a4 {[%clk 0:05:13]} Nf3
{[%clk 0:01:00]} 76. Qb5+ {[%clk 0:05:16]} Kf4 {[%clk 0:00:48]} 77. Qb8+
{[%clk 0:05:18]} Kg5 {[%clk 0:00:52]} 78. Qg8+ {[%clk 0:03:44]} Kh4
{[%clk 0:00:42]} 79. Rc1 {[%clk 0:04:09]} f5 {[%clk 0:00:32]} 80. Qh7+
{[%clk 0:04:06]} Kg5 {[%clk 0:00:52]} 81. Qg7+ {[%clk 0:04:01]} Kf4
{[%clk 0:01:09]} 82. Qc7+ {[%clk 0:03:29]} Kg5 {[%clk 0:01:28]} 83. Qe7+
{[%clk 0:03:55]} Kf4 {[%clk 0:01:28]} 84. Qd6+ {[%clk 0:04:11]} Kg5
{[%clk 0:01:39]} 85. Rc8 {[%clk 0:03:49]} Qh1+ {[%clk 0:01:44]} 86. Ka2
{[%clk 0:04:18]} Qh7 {[%clk 0:02:04]} 87. a5 {[%clk 0:04:27]} Qf7+
{[%clk 0:01:51]} 88. b3 {[%clk 0:04:40]} f4 {[%clk 0:01:36]} 89. Rf8
{[%clk 0:04:58]} Qg7 {[%clk 0:01:04]} 90. Qxf4+ {[%clk 0:05:17]} Kh4
{[%clk 0:01:28]} 91. Qf6+ {[%clk 0:02:36]} Qxf6 {[%clk 0:01:53]} 92. Rxf6
{[%clk 0:03:04]} g3 {[%clk 0:02:16]} 93. Rxf3 {[%clk 0:03:25]} g2
{[%clk 0:02:41]} 94. Rf8 {[%clk 0:03:53]} g1=Q {[%clk 0:03:03]} 95. Rh8+
{[%clk 0:04:20]} 1-0

[Event "European Individual Chess Championship 2017"]
[Site "?"]
[Date "2017.05.31"]
[Round "2.35"]
[White "Sivuk, Vitaly"]
[Black "Ivanisevic, Ivan"]
[Result "1/2-1/2"]
[BlackElo "2638"]
[WhiteElo "2520"]
[LiveChessVersion "1.4.8"]

1. d4 {[%clk 1:30:54]} d5 {[%clk 1:30:43]} 2. c4 {[%clk 1:31:12]} c6
{[%clk 1:31:06]} 3. Nf3 {[%clk 1:31:28]} Nf6 {[%clk 1:31:31]} 4. e3
{[%clk 1:31:48]} Bf5 {[%clk 1:31:52]} 5. Nc3 {[%clk 1:32:02]} e6 {[%clk 1:32:14]}
6. Nh4 {[%clk 1:32:19]} Bg6 {[%clk 1:32:38]} 7. Nxg6 {[%clk 1:32:12]} hxg6
{[%clk 1:33:00]} 8. Bd3 {[%clk 1:32:32]} c5 {[%clk 1:32:22]} 9. Qb3
{[%clk 1:26:22]} Qd7 {[%clk 1:30:26]} 10. cxd5 {[%clk 1:21:25]} exd5
{[%clk 1:30:42]} 11. dxc5 {[%clk 1:21:27]} Bxc5 {[%clk 1:21:51]} 12. Qb5
{[%clk 1:17:49]} Qxb5 {[%clk 1:22:09]} 13. Nxb5 {[%clk 1:17:45]} Kd7
{[%clk 1:22:32]} 14. O-O {[%clk 1:12:21]} Nc6 {[%clk 1:22:05]} 15. Rd1
{[%clk 1:11:27]} a6 {[%clk 1:02:42]} 16. Nc3 {[%clk 1:11:46]} Rad8
{[%clk 1:03:03]} 17. Bd2 {[%clk 1:04:45]} d4 {[%clk 0:44:45]} 18. exd4
{[%clk 0:58:44]} Bxd4 {[%clk 0:44:08]} 19. Be2 {[%clk 0:56:16]} Kc7
{[%clk 0:32:27]} 20. Rac1 {[%clk 0:55:28]} Be5 {[%clk 0:32:33]} 21. g3
{[%clk 0:53:40]} Kb8 {[%clk 0:31:14]} 22. Kg2 {[%clk 0:52:18]} Nb4
{[%clk 0:24:27]} 23. Na4 {[%clk 0:40:04]} Nc6 {[%clk 0:20:53]} 24. Nc5
{[%clk 0:30:27]} Nd4 {[%clk 0:16:35]} 25. Bc4 {[%clk 0:25:35]} Ng4
{[%clk 0:06:53]} 26. h4 {[%clk 0:15:50]} Nf5 {[%clk 0:05:04]} 27. Be2
{[%clk 0:02:32]} Nf6 {[%clk 0:05:00]} 28. Bf3 {[%clk 0:01:52]} Nd6
{[%clk 0:02:15]} 29. Re1 {[%clk 0:01:29]} Rhe8 {[%clk 0:01:56]} 30. b4
{[%clk 0:00:39]} Nde4 {[%clk 0:00:56]} 31. Be3 {[%clk 0:00:34]} Nxc5
{[%clk 0:00:53]} 32. bxc5 {[%clk 0:00:50]} Nd5 {[%clk 0:01:22]} 33. Rb1
{[%clk 0:00:34]} Bc7 {[%clk 0:01:24]} 34. Bxd5 {[%clk 0:00:33]} Rxd5
{[%clk 0:01:48]} 35. c6 {[%clk 0:00:38]} b5 {[%clk 0:00:45]} 36. Ba7+
{[%clk 0:00:47]} Kxa7 {[%clk 0:01:14]} 37. Rxe8 {[%clk 0:01:11]} Kb6
{[%clk 0:00:49]} 38. Re7 {[%clk 0:01:29]} Rf5 {[%clk 0:01:11]} 39. Rd1
{[%clk 0:01:17]} Rf6 {[%clk 0:00:34]} 40. Rdd7 {[%clk 0:31:36]} Rxc6
{[%clk 0:30:48]} 41. Rxf7 {[%clk 0:31:55]} Be5 {[%clk 0:31:00]} 42. Kf3
{[%clk 0:24:31]} Ka5 {[%clk 0:30:07]} 43. Ke4 {[%clk 0:19:00]} Bf6
{[%clk 0:30:19]} 44. Rc7 {[%clk 0:18:50]} Re6+ {[%clk 0:30:17]} 45. Kd3
{[%clk 0:18:56]} Kb4 {[%clk 0:29:27]} 46. Rc2 {[%clk 0:18:16]} Rd6+
{[%clk 0:28:01]} 47. Ke4 {[%clk 0:18:17]} a5 {[%clk 0:27:20]} 48. Rb7
{[%clk 0:18:08]} Rd4+ {[%clk 0:27:25]} 49. Ke3 {[%clk 0:17:57]} Rd5
{[%clk 0:27:51]} 50. g4 {[%clk 0:08:15]} Ka3 {[%clk 0:27:00]} 51. g5
{[%clk 0:07:34]} Bb2 {[%clk 0:24:28]} 52. Rc6 {[%clk 0:04:15]} Kxa2
{[%clk 0:21:41]} 53. Rxg6 {[%clk 0:04:34]} Kb3 {[%clk 0:21:47]} 54. Rgxg7
{[%clk 0:02:22]} a4 {[%clk 0:21:01]} 55. Rg8 {[%clk 0:00:38]} a3 {[%clk 0:19:51]}
56. Ra8 {[%clk 0:01:03]} a2 {[%clk 0:20:17]} 57. Rxa2 {[%clk 0:00:33]} Kxa2
{[%clk 0:20:40]} 58. f4 {[%clk 0:00:43]} Bc3 {[%clk 0:15:35]} 59. h5
{[%clk 0:00:38]} b4 {[%clk 0:15:33]} 60. h6 {[%clk 0:00:48]} b3 {[%clk 0:14:13]}
61. g6 {[%clk 0:01:09]} b2 {[%clk 0:13:55]} 62. g7 {[%clk 0:01:34]} Rd8
{[%clk 0:14:19]} 63. h7 {[%clk 0:00:35]} Bd4+ {[%clk 0:09:28]} 64. Kf3
{[%clk 0:00:33]} Bxg7 {[%clk 0:09:52]} 65. Rxg7 {[%clk 0:00:57]} b1=Q
{[%clk 0:09:29]} 66. Ra7+ {[%clk 0:01:24]} Kb2 {[%clk 0:09:53]} 67. Rb7+
{[%clk 0:01:52]} Kc1 {[%clk 0:10:18]} 68. Rxb1+ {[%clk 0:02:19]} Kxb1
{[%clk 0:10:44]} 69. Ke4 {[%clk 0:02:33]} Rh8 {[%clk 0:11:06]} 70. f5
{[%clk 0:02:56]} Rxh7 {[%clk 0:11:22]} 71. f6 {[%clk 0:03:12]} Kc2
{[%clk 0:09:16]} 72. Kf5 {[%clk 0:03:35]} Kd3 {[%clk 0:09:29]} 73. Kg6
{[%clk 0:03:59]} Rh8 1/2-1/2

[Event "European Individual Chess Championship 2017"]
[Site "?"]
[Date "2017.05.31"]
[Round "2.36"]
[White "Kanarek, Marcel"]
[Black "Kuzubov, Yuriy"]
[Result "0-1"]
[BlackElo "2637"]
[WhiteElo "2519"]
[LiveChessVersion "1.4.8"]

1. e4 {[%clk 1:27:44]} e5 {[%clk 1:30:46]} 2. Nf3 {[%clk 1:27:45]} Nf6
{[%clk 1:31:10]} 3. d4 {[%clk 1:21:25]} Nxe4 {[%clk 1:30:38]} 4. Bd3
{[%clk 1:21:01]} d5 {[%clk 1:31:02]} 5. Nxe5 {[%clk 1:20:47]} Nd7
{[%clk 1:31:22]} 6. Nxd7 {[%clk 1:19:41]} Bxd7 {[%clk 1:31:45]} 7. O-O
{[%clk 1:18:11]} Bd6 {[%clk 1:30:43]} 8. Nc3 {[%clk 1:15:09]} Nxc3
{[%clk 1:30:56]} 9. bxc3 {[%clk 1:15:33]} O-O {[%clk 1:30:43]} 10. Qh5
{[%clk 1:13:13]} f5 {[%clk 1:30:49]} 11. c4 {[%clk 0:59:23]} dxc4
{[%clk 1:04:09]} 12. Bxc4+ {[%clk 0:59:40]} Kh8 {[%clk 1:04:33]} 13. Rb1
{[%clk 0:33:19]} b6 {[%clk 0:56:16]} 14. Re1 {[%clk 0:33:25]} Qf6
{[%clk 0:48:53]} 15. Bb2 {[%clk 0:33:41]} Rae8 {[%clk 0:46:39]} 16. Ba1
{[%clk 0:32:29]} Re4 {[%clk 0:43:21]} 17. g3 {[%clk 0:25:05]} Qe7
{[%clk 0:19:31]} 18. Bc3 {[%clk 0:20:28]} Bc6 {[%clk 0:16:20]} 19. Bd3
{[%clk 0:06:30]} Qe6 {[%clk 0:08:56]} 20. Bxe4 {[%clk 0:04:03]} fxe4
{[%clk 0:09:15]} 21. d5 {[%clk 0:03:00]} Bxd5 {[%clk 0:09:19]} 22. Qg5
{[%clk 0:02:55]} Rg8 {[%clk 0:07:23]} 23. Rbd1 {[%clk 0:01:37]} Bb7
{[%clk 0:06:27]} 24. a4 {[%clk 0:01:04]} h6 {[%clk 0:06:21]} 25. Qe3
{[%clk 0:01:09]} Qg6 {[%clk 0:05:12]} 26. Qd2 {[%clk 0:00:38]} Re8
{[%clk 0:01:12]} 27. Bd4 {[%clk 0:00:34]} Kh7 {[%clk 0:01:10]} 28. c4
{[%clk 0:00:52]} Qh5 {[%clk 0:00:35]} 29. Qe2 {[%clk 0:00:46]} Qh3
{[%clk 0:00:41]} 30. Qf1 {[%clk 0:00:55]} Qf5 {[%clk 0:01:00]} 31. Be3
{[%clk 0:00:33]} Bc6 {[%clk 0:00:42]} 32. a5 {[%clk 0:00:35]} Bb4
{[%clk 0:00:52]} 33. Bd2 {[%clk 0:00:34]} e3 {[%clk 0:00:44]} 34. Rxe3
{[%clk 0:00:33]} Bc5 {[%clk 0:00:49]} 35. Qd3 {[%clk 0:00:35]} Be4
{[%clk 0:01:08]} 36. Rxe4 {[%clk 0:00:33]} Rxe4 {[%clk 0:01:10]} 37. Be3
{[%clk 0:00:41]} Bxe3 {[%clk 0:01:23]} 38. fxe3 {[%clk 0:01:03]} Qf3
{[%clk 0:00:44]} 39. axb6 {[%clk 0:01:03]} axb6 {[%clk 0:00:52]} 40. c5
{[%clk 0:30:35]} bxc5 {[%clk 0:30:43]} 41. Rc1 {[%clk 0:24:15]} Qxe3+
{[%clk 0:30:52]} 42. Qxe3 {[%clk 0:24:43]} Rxe3 {[%clk 0:31:17]} 43. Rxc5
{[%clk 0:25:05]} Re7 {[%clk 0:31:44]} 44. Kf2 {[%clk 0:09:44]} Kg6
{[%clk 0:31:45]} 45. h4 Kf6 {[%clk 0:30:54]} 46. Kf3 {[%clk 0:06:33]} Ke6
{[%clk 0:31:06]} 47. Rc1 {[%clk 0:07:01]} Kd7 {[%clk 0:26:01]} 48. Rd1+
{[%clk 0:06:42]} Kc8 {[%clk 0:26:15]} 49. Rc1 {[%clk 0:07:09]} Re6
{[%clk 0:24:04]} 50. Kf4 {[%clk 0:02:56]} Kd7 {[%clk 0:23:06]} 51. h5
{[%clk 0:02:25]} Ra6 {[%clk 0:21:12]} 52. g4 {[%clk 0:01:15]} Ra5
{[%clk 0:21:31]} 53. Ke3 {[%clk 0:00:36]} Re5+ {[%clk 0:18:57]} 54. Kd3
{[%clk 0:00:36]} Rd5+ {[%clk 0:17:41]} 55. Ke3 {[%clk 0:00:38]} c5
{[%clk 0:17:47]} 56. Rf1 {[%clk 0:00:33]} Kc6 {[%clk 0:17:39]} 57. Rf7
{[%clk 0:00:48]} Rd7 {[%clk 0:17:18]} 58. Rf5 {[%clk 0:00:34]} Kb5
{[%clk 0:16:42]} 59. g5 {[%clk 0:00:36]} hxg5 {[%clk 0:17:01]} 60. Rxg5
{[%clk 0:00:54]} Kb4 {[%clk 0:17:22]} 61. Rg1 {[%clk 0:00:32]} c4
{[%clk 0:17:39]} 62. Rb1+ {[%clk 0:00:32]} Kc3 {[%clk 0:18:02]} 63. Rb5
{[%clk 0:00:33]} Kc2 {[%clk 0:17:51]} 64. Ke2 {[%clk 0:00:32]} Re7+
{[%clk 0:17:20]} 65. Kf2 {[%clk 0:00:33]} c3 {[%clk 0:17:44]} 66. Rb8
{[%clk 0:00:38]} Kc1 {[%clk 0:17:38]} 67. Kf3 {[%clk 0:00:55]} c2
{[%clk 0:17:00]} 68. Kf4 {[%clk 0:00:39]} Rd7 {[%clk 0:17:17]} 0-1

[Event "European Individual Chess Championship 2017"]
[Site "?"]
[Date "2017.05.31"]
[Round "2.38"]
[White "Lupulescu, Constantin"]
[Black "Moskalenko, Alexander"]
[Result "1-0"]
[BlackElo "2514"]
[WhiteElo "2631"]
[LiveChessVersion "1.4.8"]

1. d4 {[%clk 1:30:22]} Nf6 {[%clk 1:30:25]} 2. c4 {[%clk 1:30:39]} e6
{[%clk 1:30:50]} 3. Nf3 {[%clk 1:31:04]} b6 {[%clk 1:31:05]} 4. Bf4
{[%clk 1:30:50]} Bb7 {[%clk 1:31:28]} 5. e3 {[%clk 1:31:03]} Bb4+
{[%clk 1:25:25]} 6. Nfd2 {[%clk 1:30:58]} O-O {[%clk 1:24:09]} 7. a3
{[%clk 1:29:25]} Be7 {[%clk 1:24:11]} 8. Nc3 {[%clk 1:29:03]} c5 {[%clk 1:22:52]}
9. d5 {[%clk 1:28:09]} d6 {[%clk 1:15:16]} 10. e4 {[%clk 1:26:11]} Ne8
{[%clk 1:15:07]} 11. Bd3 {[%clk 1:12:53]} Bf6 {[%clk 1:07:17]} 12. Nf3
{[%clk 1:01:40]} Nd7 {[%clk 0:59:39]} 13. O-O {[%clk 0:59:29]} Ne5
{[%clk 0:56:49]} 14. Nxe5 {[%clk 0:58:13]} Bxe5 {[%clk 0:56:05]} 15. Be3
{[%clk 0:43:53]} Nf6 {[%clk 0:39:08]} 16. h3 {[%clk 0:41:02]} Re8
{[%clk 0:36:10]} 17. Qd2 {[%clk 0:36:48]} exd5 {[%clk 0:29:28]} 18. exd5
{[%clk 0:36:20]} Bxc3 {[%clk 0:20:39]} 19. Qxc3 {[%clk 0:35:20]} Nd7
{[%clk 0:20:49]} 20. Rae1 {[%clk 0:32:17]} Ne5 {[%clk 0:18:10]} 21. Bc2
{[%clk 0:28:18]} Ba6 {[%clk 0:16:51]} 22. b3 {[%clk 0:25:30]} Qf6
{[%clk 0:15:46]} 23. Bc1 {[%clk 0:24:06]} Rad8 {[%clk 0:13:24]} 24. Re4
{[%clk 0:14:18]} Nd7 {[%clk 0:12:55]} 25. Qd3 {[%clk 0:12:29]} Rxe4
{[%clk 0:11:59]} 26. Qxe4 {[%clk 0:12:55]} Nf8 {[%clk 0:12:11]} 27. Re1
{[%clk 0:12:50]} Ng6 {[%clk 0:11:08]} 28. h4 {[%clk 0:10:42]} Qe5
{[%clk 0:10:24]} 29. Bd2 {[%clk 0:07:03]} Qxe4 {[%clk 0:09:54]} 30. Rxe4
{[%clk 0:06:49]} f5 {[%clk 0:06:36]} 31. Re1 {[%clk 0:05:54]} Bc8
{[%clk 0:06:54]} 32. Bg5 {[%clk 0:05:14]} Rf8 {[%clk 0:07:19]} 33. h5
{[%clk 0:03:47]} Ne5 {[%clk 0:07:25]} 34. h6 {[%clk 0:02:54]} gxh6
{[%clk 0:03:04]} 35. Bxh6 {[%clk 0:03:09]} Re8 {[%clk 0:03:33]} 36. Re3
{[%clk 0:02:17]} Kf7 {[%clk 0:03:29]} 37. Bf4 {[%clk 0:02:04]} Bd7
{[%clk 0:02:47]} 38. Rh3 {[%clk 0:01:41]} Kg7 {[%clk 0:02:30]} 39. Rg3+
{[%clk 0:02:01]} Kf6 {[%clk 0:02:29]} 40. Rh3 {[%clk 0:31:32]} Kg7
{[%clk 0:31:08]} 41. Bh6+ {[%clk 0:26:39]} Kg6 {[%clk 0:27:29]} 42. Bd2
{[%clk 0:26:33]} Ng4 {[%clk 0:22:46]} 43. Kf1 {[%clk 0:24:31]} h5
{[%clk 0:22:04]} 44. Bf4 {[%clk 0:23:55]} Ne5 {[%clk 0:22:22]} 45. Bd1
{[%clk 0:21:59]} Rh8 {[%clk 0:22:16]} 46. Be2 {[%clk 0:21:36]} Nf7
{[%clk 0:19:20]} 47. Rg3+ {[%clk 0:17:31]} Kf6 {[%clk 0:19:41]} 48. Bd2
{[%clk 0:17:43]} h4 {[%clk 0:19:01]} 49. Rh3 {[%clk 0:13:19]} Kg6
{[%clk 0:16:57]} 50. f4 {[%clk 0:12:42]} a6 {[%clk 0:10:23]} 51. Be1
{[%clk 0:12:24]} b5 {[%clk 0:10:13]} 52. Rxh4 {[%clk 0:12:23]} Nh6
{[%clk 0:09:20]} 53. Bc3 {[%clk 0:09:17]} Rb8 {[%clk 0:09:16]} 54. Bh5+
{[%clk 0:09:22]} Kh7 {[%clk 0:09:40]} 55. Bf6 {[%clk 0:09:28]} bxc4
{[%clk 0:09:20]} 56. bxc4 {[%clk 0:09:53]} Rb1+ {[%clk 0:09:35]} 57. Ke2
{[%clk 0:09:27]} Kg8 {[%clk 0:09:09]} 58. Bg6 {[%clk 0:09:13]} Nf7
{[%clk 0:09:34]} 59. Rh7 {[%clk 0:08:53]} Be8 {[%clk 0:10:02]} 60. Bxf5
{[%clk 0:08:16]} 1-0

[Event "European Individual Chess Championship 2017"]
[Site "?"]
[Date "2017.05.31"]
[Round "2.39"]
[White "Esipenko, Andrey"]
[Black "Yilmaz, Mustafa"]
[Result "1-0"]
[BlackElo "2630"]
[WhiteElo "2509"]
[LiveChessVersion "1.4.8"]

1. d4 {[%clk 1:30:54]} Nf6 {[%clk 1:30:10]} 2. c4 {[%clk 1:31:10]} g6
{[%clk 1:30:36]} 3. Nc3 {[%clk 1:31:02]} Bg7 {[%clk 1:31:01]} 4. e4
{[%clk 1:30:20]} d6 {[%clk 1:31:22]} 5. Nf3 {[%clk 1:29:50]} O-O {[%clk 1:31:38]}
6. h3 {[%clk 1:30:01]} Na6 {[%clk 1:32:00]} 7. Be3 {[%clk 1:29:59]} c6
{[%clk 1:32:25]} 8. Be2 {[%clk 1:25:58]} e5 {[%clk 1:30:38]} 9. dxe5
{[%clk 1:26:24]} dxe5 {[%clk 1:31:03]} 10. Qxd8 {[%clk 1:26:50]} Rxd8
{[%clk 1:31:28]} 11. O-O {[%clk 1:26:58]} Be6 {[%clk 1:23:38]} 12. Rfd1
{[%clk 1:19:03]} Nd7 {[%clk 1:18:36]} 13. Ng5 {[%clk 1:12:19]} Nc7
{[%clk 1:17:58]} 14. Nd5 {[%clk 1:05:43]} cxd5 {[%clk 0:32:34]} 15. cxd5
{[%clk 1:05:45]} Bxd5 {[%clk 0:32:09]} 16. exd5 {[%clk 1:06:04]} Ne8
{[%clk 0:29:51]} 17. Ne4 {[%clk 0:53:11]} Ndf6 {[%clk 0:21:50]} 18. Nc3
{[%clk 0:46:18]} Nd6 {[%clk 0:21:37]} 19. g4 {[%clk 0:46:28]} Bf8
{[%clk 0:16:55]} 20. Rac1 {[%clk 0:45:19]} Nfe8 {[%clk 0:16:43]} 21. a4
{[%clk 0:37:46]} Be7 {[%clk 0:14:24]} 22. a5 {[%clk 0:34:43]} Kg7
{[%clk 0:14:50]} 23. Nb5 {[%clk 0:24:58]} h6 {[%clk 0:09:07]} 24. Nxd6 Nxd6 25.
Rc7 {[%clk 0:24:28]} Bh4 {[%clk 0:02:48]} 26. Bc5 {[%clk 0:09:02]} Ne4
{[%clk 0:03:16]} 27. d6 {[%clk 0:07:18]} b6 {[%clk 0:02:48]} 28. Be3
{[%clk 0:07:08]} Rxd6 {[%clk 0:02:25]} 29. a6 {[%clk 0:04:49]} Bd8
{[%clk 0:01:32]} 30. Rxd6 {[%clk 0:04:00]} Bxc7 {[%clk 0:01:53]} 31. Rc6
{[%clk 0:02:19]} Rc8 {[%clk 0:01:00]} 32. Bxb6 {[%clk 0:01:58]} Bxb6
{[%clk 0:00:40]} 33. Rxc8 {[%clk 0:02:23]} Bxf2+ {[%clk 0:00:46]} 34. Kg2
{[%clk 0:02:49]} Bd4 {[%clk 0:00:58]} 35. Rc7 {[%clk 0:02:30]} Kf6
{[%clk 0:00:46]} 36. Bc4 {[%clk 0:01:32]} Nd6 {[%clk 0:01:15]} 37. Bd5
{[%clk 0:01:44]} e4 {[%clk 0:00:40]} 38. Kf1 {[%clk 0:01:39]} h5 {[%clk 0:00:38]}
39. b4 {[%clk 0:00:50]} hxg4 {[%clk 0:00:44]} 40. hxg4 {[%clk 0:31:19]} g5
{[%clk 0:30:32]} 41. Rd7 {[%clk 0:26:10]} Ke5 {[%clk 0:30:00]} 42. Bxf7
{[%clk 0:26:21]} Bb6 {[%clk 0:28:40]} 43. Ke2 {[%clk 0:22:14]} Bg1
{[%clk 0:27:24]} 44. Ba2 {[%clk 0:21:55]} Bb6 {[%clk 0:24:34]} 45. Bb3
{[%clk 0:17:58]} Bg1 {[%clk 0:22:07]} 46. Rb7 {[%clk 0:15:29]} Nc8
{[%clk 0:12:21]} 47. Rb5+ {[%clk 0:14:39]} Kf4 {[%clk 0:11:48]} 48. Rf5+
{[%clk 0:14:52]} Kg3 {[%clk 0:11:51]} 49. Rxg5 {[%clk 0:15:05]} 1-0

[Event "European Individual Chess Championship 2017"]
[Site "?"]
[Date "2017.05.31"]
[Round "2.40"]
[White "Demchenko, Anton"]
[Black "Kotronias, Vasilios"]
[Result "1-0"]
[BlackElo "2508"]
[WhiteElo "2629"]
[LiveChessVersion "1.4.8"]

1. d4 {[%clk 1:30:54]} d5 {[%clk 1:30:54]} 2. Nc3 {[%clk 1:30:47]} Nf6
{[%clk 1:30:25]} 3. Bf4 {[%clk 1:31:09]} g6 {[%clk 1:28:58]} 4. Qd2
{[%clk 1:30:54]} c6 {[%clk 1:29:09]} 5. f3 {[%clk 1:29:42]} b5 {[%clk 1:21:52]}
6. a3 {[%clk 1:26:08]} e6 {[%clk 1:22:12]} 7. Nh3 {[%clk 1:07:04]} Nbd7
{[%clk 1:22:37]} 8. e3 {[%clk 0:57:25]} a6 {[%clk 1:17:52]} 9. Be2
{[%clk 0:55:41]} h6 {[%clk 1:09:58]} 10. e4 {[%clk 0:48:06]} Bb7 {[%clk 1:00:20]}
11. Nf2 {[%clk 0:44:30]} c5 {[%clk 0:58:29]} 12. exd5 {[%clk 0:44:16]} Nxd5
{[%clk 0:48:52]} 13. Nxd5 {[%clk 0:44:30]} Bxd5 {[%clk 0:49:18]} 14. dxc5
{[%clk 0:40:29]} Bxc5 {[%clk 0:49:06]} 15. Nd3 {[%clk 0:38:53]} Be7
{[%clk 0:40:17]} 16. Nb4 {[%clk 0:34:31]} Bxb4 {[%clk 0:30:51]} 17. axb4
{[%clk 0:33:07]} g5 {[%clk 0:29:37]} 18. Be3 {[%clk 0:32:34]} f6 {[%clk 0:29:27]}
19. h4 {[%clk 0:31:39]} Kf7 {[%clk 0:28:52]} 20. f4 {[%clk 0:29:31]} gxf4
{[%clk 0:27:53]} 21. Bh5+ {[%clk 0:28:59]} Ke7 {[%clk 0:27:25]} 22. Bxf4
{[%clk 0:29:24]} Rg8 {[%clk 0:23:00]} 23. O-O-O {[%clk 0:28:12]} Ne5
{[%clk 0:16:13]} 24. Bxe5 {[%clk 0:27:50]} fxe5 {[%clk 0:16:39]} 25. Rhf1
{[%clk 0:28:10]} Rf8 {[%clk 0:12:04]} 26. Qxh6 {[%clk 0:23:19]} Rxf1
{[%clk 0:12:24]} 27. Rxf1 {[%clk 0:23:43]} Kd6 {[%clk 0:12:46]} 28. Rd1
{[%clk 0:21:59]} e4 {[%clk 0:05:44]} 29. Qe3 {[%clk 0:15:27]} Rc8
{[%clk 0:05:04]} 30. Bg6 {[%clk 0:13:59]} Qxh4 {[%clk 0:03:53]} 31. Bxe4
{[%clk 0:14:18]} Rc4 {[%clk 0:02:25]} 32. Bxd5 {[%clk 0:14:14]} exd5
{[%clk 0:02:51]} 33. Qb6+ {[%clk 0:12:34]} Rc6 {[%clk 0:03:18]} 34. Qb8+
{[%clk 0:12:51]} Rc7 {[%clk 0:03:41]} 35. Qf8+ {[%clk 0:12:42]} Qe7
{[%clk 0:03:30]} 36. Qf3 {[%clk 0:10:01]} Qe5 {[%clk 0:03:42]} 37. Kb1
{[%clk 0:09:54]} Kc6 {[%clk 0:03:12]} 38. Qf2 {[%clk 0:03:47]} Kb7
{[%clk 0:03:12]} 39. Re1 {[%clk 0:03:31]} Qd6 {[%clk 0:03:14]} 40. c3
{[%clk 0:32:04]} d4 {[%clk 0:31:56]} 41. cxd4 {[%clk 0:27:10]} Qxb4
{[%clk 0:29:42]} 42. Qf3+ {[%clk 0:18:33]} Ka7 {[%clk 0:29:23]} 43. Re8
{[%clk 0:18:37]} Qxd4 {[%clk 0:16:58]} 44. Qa8+ {[%clk 0:19:00]} Kb6
{[%clk 0:17:23]} 45. Re6+ {[%clk 0:19:28]} Kc5 {[%clk 0:17:42]} 46. Qf8+
{[%clk 0:17:18]} Kc4 {[%clk 0:18:05]} 47. Ka2 {[%clk 0:17:41]} b4
{[%clk 0:02:34]} 48. b3+ {[%clk 0:14:39]} Kc3 {[%clk 0:01:22]} 49. Qf3+
{[%clk 0:14:43]} 1-0